[Event "Open Portugal 2019"]
[Site "Lisboa POR"]
[Date "2019.02.08"]
[Round "8.52"]
[White "Borges, Guilherme Deola"]
[Black "Golecki, Jan"]
[Result "1-0"]
[WhiteElo "2181"]
[BlackElo "2018"]
[WhiteFideId "2109085"]
[BlackFideId "1184008"]
[WhiteCountry "BRA"]
[BlackCountry "POL"]
[PlyCount "95"]
[EventDate "2019.02.02"]

1. d4 d5 2. c4 e6 3. Nc3 Nf6 4. e3 Bb4 5. a3 Bxc3+ 6. bxc3 b6 7. cxd5 exd5 8.
Bd3 O-O 9. Ne2 Bb7 10. O-O Nc6 11. Ng3 Na5 12. Qa4 Rc8 13. Rb1 Ne4 14. Qc2 f5
15. Nxe4 fxe4 16. Be2 Qg5 17. f4 exf3 18. Bxf3 Qe7 19. Qa2 Nc4 20. e4 Ba6 21.
exd5 Kh8 22. Qc2 Qd6 23. Re1 Qg6 24. Qe4 Rce8 25. Qxg6 Rxe1+ 26. Kf2 hxg6 27.
Kxe1 Re8+ 28. Kf2 Nd6 29. Bf4 Ne4+ 30. Bxe4 Rxe4 31. Bxc7 Re2+ 32. Kf3 Rc2 33.
d6 Rxc3+ 34. Kf4 Bc8 35. Re1 Kh7 36. Re8 Bf5 37. g4 Bd7 38. Re7 Ba4 39. d7 Bxd7
40. Rxd7 b5 41. Be5 Kg8 42. Rxg7+ Kf8 43. Rxa7 b4 44. Bd6+ Kg8 45. Bxb4 g5+ 46.
Kxg5 Rh3 47. Kg6 Rd3 48. Ra8# 1-0

[Event "Open Portugal 2019"]
[Site "Lisboa POR"]
[Date "2019.02.08"]
[Round "8.53"]
[White "Roque, Armando"]
[Black "Newrkla, Katharina"]
[Result "0-1"]
[WhiteElo "1946"]
[BlackElo "2180"]
[WhiteFideId "1939149"]
[BlackFideId "1621629"]
[BlackTitle "WIM"]
[WhiteCountry "POR"]
[BlackCountry "AUT"]
[PlyCount "154"]
[EventDate "2019.02.02"]

1. d4 Nf6 2. c4 g6 3. Nc3 Bg7 4. e4 d6 5. Be2 O-O 6. Bg5 c5 7. d5 e6 8. Qd2 exd5
9. exd5 Qb6 10. Nf3 Bf5 11. O-O Ne4 12. Nxe4 Bxe4 13. Qf4 Bxf3 14. Bxf3 Re8 15.
Bf6 Bxf6 16. Qxf6 Nd7 17. Qc3 Re5 18. b3 Rae8 19. Rfe1 Qb4 20. Qxb4 cxb4 21. Kf1
Nc5 22. Rxe5 Rxe5 23. Re1 Kf8 24. Rxe5 dxe5 25. Ke1 Ke7 26. Kd2 Kd6 27. g3 a5
28. Kc2 b6 29. h4 e4 30. Be2 Ke5 31. Kd2 Kd4 32. g4 h6 33. g5 h5 34. Bf1 Nb7 35.
Bh3 a4 36. Kc2 a3 37. Bd7 Nd6 38. Bh3 Ke5 39. Bd7 Kf4 40. Kd2 Kf3 41. Ke1 Nxc4
42. Bb5 Nd6 43. Be2+ Kf4 44. Kd2 Ke5 45. f3 Kxd5 46. Ke3 exf3 47. Bxf3+ Kc5 48.
Kf4 Kd4 49. Be2 Nf5 50. Bc4 Nxh4 51. Bxf7 Kc3 52. Kg3 Nf5+ 53. Kf4 Ne7 54. Ke5
Kb2 55. Kf6 Kxa2 56. Kxe7 Kb2 57. Bxg6 a2 58. Bxh5 a1=Q 59. Bf7 Kc2 60. g6 Qg7
61. Kd6 Qf6+ 62. Kd7 Kc3 63. Ke8 Qg7 64. Ke7 Kd4 65. Kd6 Qf6+ 66. Kd7 Kc5 67.
Ke8 Qg7 68. Ke7 Kc6 69. Ke6 Qh8 70. Ke7 Kc7 71. Be8 Qg7+ 72. Bf7 b5 73. Ke6 Kd8
74. Kd6 Qc3 75. Bd5 Qf6+ 76. Kc5 Qxg6 77. Kxb4 Qd6+ 0-1

[Event "Open Portugal 2019"]
[Site "Lisboa POR"]
[Date "2019.02.08"]
[Round "8.55"]
[White "Marques, Ricardo T T"]
[Black "Santos, António P"]
[Result "1/2-1/2"]
[WhiteElo "1911"]
[BlackElo "2162"]
[WhiteFideId "1949438"]
[BlackFideId "1900161"]
[BlackTitle "FM"]
[WhiteCountry "POR"]
[BlackCountry "POR"]
[PlyCount "135"]
[EventDate "2019.02.02"]

1. e4 c5 2. Nf3 d6 3. d4 cxd4 4. Nxd4 Nf6 5. Nc3 a6 6. Be3 e6 7. f3 Be7 8. Qd2
Nc6 9. O-O-O h5 10. h3 Bd7 11. Kb1 Rc8 12. Rg1 h4 13. g4 hxg3 14. Rxg3 g6 15. f4
Rh4 16. Nf3 Rh5 17. Qf2 Qc7 18. Bb6 Qb8 19. Nd2 d5 20. e5 Ng8 21. Be2 Rf5 22.
Rf3 Nh6 23. Nf1 Rh5 24. Ne3 Kf8 25. Ng4 Kg7 26. Nxh6 Rxh6 27. Rfd3 Rch8 28. Bg4
Qe8 29. a3 Bc8 30. Bc5 b5 31. Rg1 b4 32. axb4 Nxb4 33. Rdd1 a5 34. Bxe7 Qxe7 35.
Nb5 Qd7 36. Qb6 Qc6 37. Qxc6 Nxc6 38. Rg3 Ba6 39. Nd6 d4 40. Ne4 d3 41. cxd3 Nb4
42. Nc5 Bb5 43. d4 Nd5 44. f5 exf5 45. Bxf5 Nf4 46. e6 Kf6 47. Bg4 Nxe6 48. Nxe6
fxe6 49. Re3 Bc4 50. Rde1 Re8 51. Re5 a4 52. d5 Rh7 53. dxe6 Rhe7 54. Ra5 Bxe6
55. Rxe6+ Rxe6 56. Bxe6 Rxe6 57. Rxa4 g5 58. Kc2 Re2+ 59. Kb1 Rh2 60. Ra3 Ke6
61. Rd3 Rg2 62. b4 g4 63. hxg4 Rxg4 64. Rb3 Kd6 65. Kb2 Kc6 66. Ka3 Kb5 67. Re3
Rg5 68. Kb3 1/2-1/2

[Event "Open Portugal 2019"]
[Site "Lisboa POR"]
[Date "2019.02.08"]
[Round "8.56"]
[White "Partoens, Remi"]
[Black "Reis, Luís Sousa"]
[Result "1/2-1/2"]
[WhiteElo "1904"]
[BlackElo "2146"]
[WhiteFideId "237108"]
[BlackFideId "1900609"]
[BlackTitle "NM"]
[WhiteCountry "BEL"]
[BlackCountry "POR"]
[PlyCount "180"]
[EventDate "2019.02.02"]

1. e4 d5 2. exd5 Nf6 3. d4 Bg4 4. Nf3 Qxd5 5. Be2 Nc6 6. Be3 O-O-O 7. c4 Qh5 8.
Nc3 e6 9. Qa4 Bb4 10. O-O Qa5 11. Qxa5 Nxa5 12. a3 Bxc3 13. bxc3 Ne4 14. Bd3
Bxf3 15. gxf3 Nxc3 16. Bd2 Rxd4 17. Bxc3 Rxd3 18. Bxa5 b6 19. Be1 c5 20. a4 a5
21. Kg2 Rhd8 22. Rb1 Kc7 23. Rb5 R8d4 24. Bxa5 bxa5 25. Rc1 Kd6 26. Rxa5 Rf4 27.
Ra7 Rfxf3 28. Rd1 f5 29. Rb1 Rf4 30. Rb6+ Ke5 31. Raa6 Rxc4 32. Rxe6+ Kf4 33. a5
Rc2 34. Re1 Rf3 35. Rf1 g5 36. Rh6 Ra3 37. a6 g4 38. Rxh7 Rxa6 39. h3 Rg6 40.
Rh4 Re6 41. hxg4 fxg4 42. Rh8 Re5 43. Rf8+ Rf5 44. Rxf5+ Kxf5 45. Kg3 c4 46. f3
Rc3 47. Kg2 Rc2+ 48. Kg3 gxf3 49. Kxf3 Ke5 50. Ke3 Rh2 51. Rf3 Rg2 52. Rh3 Rg5
53. Kd2 Kd4 54. Kc1 Rg2 55. Rf3 Kc5 56. Rh3 Kd4 57. Rf3 Rh2 58. Rg3 Ke4 59. Rc3
Rh1+ 60. Kc2 Kd4 61. Rg3 Rh2+ 62. Kc1 Ra2 63. Rh3 Kc5 64. Rg3 Kb4 65. Rh3 Ra8
66. Rg3 Rd8 67. Kc2 Ra8 68. Kc1 Ra7 69. Rh3 Rc7 70. Kc2 Rg7 71. Kc1 Rg6 72. Rf3
Rg8 73. Re3 Rg7 74. Rh3 Rg5 75. Rf3 c3 76. Rf8 Kb3 77. Rb8+ Kc4 78. Rc8+ Kd4 79.
Rd8+ Kc4 80. Rc8+ Rc5 81. Rxc5+ Kxc5 82. Kc2 Kc4 83. Kc1 Kc5 84. Kc2 Kb4 85. Kc1
Kb3 86. Kb1 Kc4 87. Kc2 Kd4 88. Kc1 Kd3 89. Kd1 c2+ 90. Kc1 Kc3 1/2-1/2

[Event "Open Portugal 2019"]
[Site "Lisboa POR"]
[Date "2019.02.08"]
[Round "8.57"]
[White "Chingüün, Bayaraa"]
[Black "Aguera Naredo, Javier"]
[Result "0-1"]
[WhiteElo "1817"]
[BlackElo "2346"]
[WhiteFideId "2076608"]
[BlackFideId "2204169"]
[WhiteTitle "CM"]
[BlackTitle "FM"]
[WhiteCountry "MGL"]
[BlackCountry "ESP"]
[PlyCount "105"]
[EventDate "2019.02.02"]

1. d4 Nf6 2. c4 g6 3. Nc3 Bg7 4. e4 d6 5. Nf3 O-O 6. Be2 Na6 7. O-O e5 8. Be3
Ng4 9. Bg5 Qe8 10. dxe5 dxe5 11. h3 h6 12. Bc1 Nf6 13. Be3 Qe7 14. a3 c6 15. b4
Nh5 16. Qc2 Nf4 17. Rfd1 Re8 18. Bf1 Nc7 19. Rab1 Qf6 20. Nh2 h5 21. Ne2 Nce6
22. g3 Nxe2+ 23. Qxe2 Ng5 24. Bxg5 Qxg5 25. Nf3 Qe7 26. Qe3 Be6 27. Kh2 a5 28.
Qc3 axb4 29. axb4 Ra2 30. Rb2 Rxb2 31. Qxb2 Ra8 32. Qc3 Qf6 33. Kg2 g5 34. Ng1
g4 35. h4 Bh6 36. Be2 Ra2 37. Ra1 Bd2 38. Qd3 Bxc4 39. Qb1 Rxa1 40. Qxa1 Bxe2
41. Nxe2 Qf3+ 42. Kf1 Qxe4 43. Qa8+ Kg7 44. Qxb7 Bxb4 45. Qd7 Bc5 46. Qd2 Qf5
47. Nc1 Bd4 48. Nd3 c5 49. Kg1 c4 50. Ne1 c3 51. Qe2 Qb1 52. Kg2 Qc1 53. Qe4 0-1

[Event "Open Portugal 2019"]
[Site "Lisboa POR"]
[Date "2019.02.08"]
[Round "8.58"]
[White "Martins, Diogo"]
[Black "Hernandez Munoz, Antonio Ramon"]
[Result "1/2-1/2"]
[WhiteElo "1993"]
[BlackElo "2249"]
[WhiteFideId "1926934"]
[BlackFideId "22241280"]
[WhiteCountry "POR"]
[BlackCountry "ESP"]
[PlyCount "116"]
[EventDate "2019.02.02"]

1. e4 c5 2. Nf3 d6 3. d4 cxd4 4. Nxd4 Nf6 5. Nc3 a6 6. Bg5 e6 7. f4 h6 8. Bh4
Qb6 9. Qd2 Qxb2 10. Rb1 Qa3 11. e5 dxe5 12. fxe5 Nd5 13. Nxd5 exd5 14. e6 Bxe6
15. Nxe6 fxe6 16. Bd3 Be7 17. Bg6+ Kd8 18. Bxe7+ Qxe7 19. O-O Nd7 20. Rxb7 Qc5+
21. Kh1 a5 22. Rf7 Ne5 23. Rxg7 Rf8 24. Bd3 Nxd3 25. Qxd3 Kc8 26. h3 Rb8 27.
Rbc7+ Qxc7 28. Rxc7+ Kxc7 29. Qh7+ Kd6 30. Qxh6 Rbe8 31. Qe3 Ra8 32. g4 a4 33.
a3 Rac8 34. Qd3 e5 35. Qa6+ Rc6 36. Qxa4 e4 37. Qb4+ Rc5 38. Kg2 Rf3 39. g5 Ke6
40. Qa4 Kd6 41. h4 Rcc3 42. Qb4+ Ke5 43. Qe7+ Kf4 44. Qd6+ Kg4 45. Qxd5 Rxc2+
46. Kg1 Kg3 47. Qd1 Rg2+ 48. Kh1 Rh2+ 49. Kg1 Rg2+ 50. Kh1 Rgf2 51. Kg1 e3 52.
g6 Rg2+ 53. Kh1 Rh2+ 54. Kg1 Rg2+ 55. Kh1 e2 56. Qd6+ Kf2 57. Qd4+ Kg3 58. Qd6+
Kf2 1/2-1/2

[Event "Open Portugal 2019"]
[Site "Lisboa POR"]
[Date "2019.02.08"]
[Round "8.59"]
[White "Nordquelle, Daniel"]
[Black "Mendes, Modeste"]
[Result "1-0"]
[WhiteElo "2235"]
[BlackElo "1981"]
[WhiteFideId "1519042"]
[BlackFideId "1925920"]
[WhiteTitle "FM"]
[WhiteCountry "NOR"]
[BlackCountry "POR"]
[PlyCount "87"]
[EventDate "2019.02.02"]

1. e4 e5 2. Nf3 Nc6 3. Bc4 Bc5 4. d3 h6 5. O-O d6 6. c3 Bg4 7. Nbd2 Bb6 8. Re1
Nge7 9. h3 Bh5 10. Nf1 O-O 11. Bb3 Kh7 12. Ng3 Bg6 13. Nh4 Ng8 14. Nhf5 Qf6 15.
Qg4 Bxf5 16. exf5 g6 17. Bc2 Nce7 18. d4 Kh8 19. dxe5 dxe5 20. Be3 Nd5 21. Bxb6
Nxb6 22. Re3 Nd5 23. Rd3 Rad8 24. Rad1 c6 25. Bb3 Nf4 26. Rxd8 Rxd8 27. Rxd8
Qxd8 28. Bxf7 Nf6 29. Qh4 Qd1+ 30. Kh2 Kg7 31. fxg6 Nxg6 32. Bxg6 Kxg6 33. Ne4
Nxe4 34. Qxe4+ Kf6 35. Qh4+ Kg6 36. Qg4+ Qxg4 37. hxg4 Kg5 38. Kg3 Kf6 39. Kf3
a5 40. Ke4 Ke6 41. g3 b5 42. f4 exf4 43. gxf4 Kf6 44. Kd4 1-0

[Event "Open Portugal 2019"]
[Site "Lisboa POR"]
[Date "2019.02.08"]
[Round "8.60"]
[White "Fidalgo, Daniel"]
[Black "Ermeni, Avni"]
[Result "1/2-1/2"]
[WhiteElo "1981"]
[BlackElo "2194"]
[WhiteFideId "1934279"]
[BlackFideId "912840"]
[BlackTitle "FM"]
[WhiteCountry "POR"]
[BlackCountry "KOS"]
[PlyCount "38"]
[EventDate "2019.02.02"]

1. c4 f5 2. g3 Nf6 3. Bg2 e6 4. Nc3 Be7 5. d3 d6 6. e4 fxe4 7. Nxe4 O-O 8. Ne2
d5 9. Nxf6+ Bxf6 10. O-O c6 11. Qc2 Qe7 12. Rb1 d4 13. f4 c5 14. Bd2 Nc6 15. a3
a5 16. g4 g6 17. Ng3 Bg7 18. Rbe1 Kh8 19. Qd1 Qd7 1/2-1/2

[Event "Open Portugal 2019"]
[Site "Lisboa POR"]
[Date "2019.02.08"]
[Round "8.61"]
[White "Candeias, Humberto"]
[Black "Poysti, Nathanael"]
[Result "0-1"]
[WhiteElo "1932"]
[BlackElo "2172"]
[WhiteFideId "1903454"]
[BlackFideId "24622133"]
[WhiteCountry "POR"]
[BlackCountry "GER"]
[PlyCount "78"]
[EventDate "2019.02.02"]

1. e4 c5 2. Nc3 d6 3. g3 Nc6 4. Bg2 g6 5. d3 Bg7 6. Be3 Rb8 7. Qd2 b5 8. Nge2 b4
9. Nd1 Nd4 10. O-O Nxe2+ 11. Qxe2 Nf6 12. e5 dxe5 13. Bxc5 Qc7 14. Be3 Bg4 15.
Qd2 O-O 16. f4 Nd7 17. fxe5 Nxe5 18. Bf4 Qb6+ 19. Be3 Qc7 20. Bf4 Qb6+ 21. Be3
Qa5 22. Bf4 Qb5 23. Ne3 Be6 24. Rad1 Rbc8 25. d4 Nc4 26. Nxc4 Qxc4 27. Be3 a5
28. Be4 Bd5 29. Bxd5 Qxd5 30. c3 bxc3 31. bxc3 Rc4 32. Rc1 Rfc8 33. Rc2 h5 34.
Qe1 Bf6 35. Rcf2 Rxc3 36. Rxf6 exf6 37. Qf2 Rc2 38. Bd2 Qxa2 39. Rd1 a4 0-1

[Event "Open Portugal 2019"]
[Site "Lisboa POR"]
[Date "2019.02.08"]
[Round "8.62"]
[White "Pérez García, Roberto"]
[Black "Damasceno, Jorge"]
[Result "1-0"]
[WhiteElo "2141"]
[BlackElo "1890"]
[WhiteFideId "2217708"]
[BlackFideId "1900960"]
[WhiteCountry "ESP"]
[BlackCountry "POR"]
[PlyCount "45"]
[EventDate "2019.02.02"]

1. d4 Nf6 2. c4 e6 3. Nf3 d5 4. g3 Bb4+ 5. Bd2 Bd6 6. Nc3 a6 7. Bg5 c6 8. Bg2
O-O 9. O-O Nbd7 10. e4 dxe4 11. Nxe4 Be7 12. Nxf6+ Bxf6 13. Bf4 Re8 14. Re1 c5
15. dxc5 Bxb2 16. Rb1 Bc3 17. Re3 Ba5 18. Rd3 f6 19. Bd6 e5 20. Nh4 e4 21. Rd4
e3 22. Bd5+ Kh8 23. Ng6+ 1-0

[Event "Open Portugal 2019"]
[Site "Lisboa POR"]
[Date "2019.02.08"]
[Round "8.63"]
[White "Terryn, Ezra"]
[Black "Jorge, Rita"]
[Result "0-1"]
[WhiteElo "2116"]
[BlackElo "1902"]
[WhiteFideId "233196"]
[BlackFideId "1923161"]
[BlackTitle "WFM"]
[WhiteCountry "BEL"]
[BlackCountry "POR"]
[PlyCount "120"]
[EventDate "2019.02.02"]

1. e4 e5 2. Nf3 Nc6 3. Bc4 Bc5 4. c3 Nf6 5. d3 O-O 6. Bb3 d5 7. Qe2 h6 8. Nbd2
Bg4 9. Nf1 Qd7 10. Ng3 dxe4 11. dxe4 Nh5 12. Nxh5 Bxh5 13. h3 Rad8 14. g4 Bg6
15. Nh4 Kh7 16. Bc2 Qe7 17. Nf5 Bxf5 18. gxf5 Qh4 19. Rh2 g6 20. Bd2 Rd7 21.
O-O-O Rfd8 22. f4 exf4 23. e5 Rxd2 24. fxg6+ fxg6 25. Bxg6+ Kxg6 26. Qe4+ Kg7
27. Rdxd2 Be3 28. Rhg2+ Kh8 29. Kc2 Rxd2+ 30. Rxd2 Bxd2 31. Kxd2 Qf2+ 32. Kd1
Qe3 33. Qf5 Qxe5 34. Qf8+ Kh7 35. Qf7+ Qg7 36. Qxf4 Qg1+ 37. Kc2 Qg2+ 38. Kd1
Qd5+ 39. Kc2 Qd7 40. h4 Kg6 41. Kc1 Qd6 42. Qg4+ Kf6 43. h5 Ke7 44. Qg7+ Kd8 45.
Qg8+ Kd7 46. Qg7+ Kc8 47. Qg8+ Nd8 48. Qg4+ Kb8 49. Qg8 Qf4+ 50. Kd1 Qd6+ 51.
Kc1 b6 52. Qe8 Kb7 53. Qe4+ Qc6 54. Qh4 Ne6 55. Qg4 Ng5 56. Qh4 Qe4 57. Qh2 Ne6
58. Qh3 Nf4 59. Qh2 Qe1+ 60. Kc2 Qe2+ 0-1

[Event "Open Portugal 2019"]
[Site "Lisboa POR"]
[Date "2019.02.08"]
[Round "8.64"]
[White "Pirola, Claudionor"]
[Black "Simões, Miguel"]
[Result "1/2-1/2"]
[WhiteElo "2113"]
[BlackElo "1881"]
[WhiteFideId "2130556"]
[BlackFideId "1946307"]
[WhiteCountry "BRA"]
[BlackCountry "POR"]
[PlyCount "141"]
[EventDate "2019.02.02"]

1. Nf3 Nf6 2. g3 g6 3. Bg2 Bg7 4. c4 O-O 5. d4 c6 6. O-O d5 7. b3 e6 8. Bb2 b6
9. Nbd2 Bb7 10. Qc2 Nbd7 11. e4 Rc8 12. e5 Ne8 13. cxd5 cxd5 14. Qd3 Nc7 15. Qe3
Re8 16. h4 f6 17. exf6 Qxf6 18. Rfe1 Nb5 19. Bh3 Nf8 20. Ne5 Rc2 21. Rab1 Nd6
22. Qd3 Rec8 23. Ndf3 Ne4 24. Re2 Rxe2 25. Qxe2 Qe7 26. Rc1 Nd7 27. Rxc8+ Bxc8
28. Qc2 Ba6 29. Qc7 Bxe5 30. Nxe5 Qf6 31. Ng4 Qe7 32. f3 Qd6 33. Qxd6 Nxd6 34.
Kf2 Nf5 35. Ne3 Kf7 36. Ng2 h5 37. Nf4 Nf6 38. Bc3 Bc8 39. Bxf5 exf5 40. Ke3 Ba6
41. Bb4 Bb7 42. Bd6 Bc6 43. Bb8 a6 44. Nd3 Nd7 45. Bc7 Ke6 46. a4 a5 47. Kf4 Kf7
48. Bxb6 Bxa4 49. bxa4 Nxb6 50. Ke5 Nxa4 51. Kxd5 Nc3+ 52. Kc5 a4 53. Kb4 Ne2
54. d5 Ke7 55. Kc5 a3 56. d6+ Kd8 57. Nb4 Nc3 58. Kc4 a2 59. Nc2 Ne2 60. Kb3
Nxg3 61. Kxa2 Kd7 62. Kb3 Kxd6 63. Kc3 Ke5 64. Kd3 Kf4 65. Ne1 g5 66. hxg5 Kxg5
67. Ke3 f4+ 68. Kf2 h4 69. Kg2 Nf5 70. Kh3 Nd4 71. Kg2 1/2-1/2

[Event "Open Portugal 2019"]
[Site "Lisboa POR"]
[Date "2019.02.08"]
[Round "8.65"]
[White "Bertola, Georges"]
[Black "Santos, Isabel P"]
[Result "1/2-1/2"]
[WhiteElo "2101"]
[BlackElo "1825"]
[WhiteFideId "1307967"]
[BlackFideId "1921681"]
[WhiteCountry "SUI"]
[BlackCountry "POR"]
[PlyCount "21"]
[EventDate "2019.02.02"]

1. e4 c6 2. d4 d5 3. e5 Bf5 4. Nf3 e6 5. Be2 c5 6. O-O cxd4 7. Nxd4 Ne7 8. Nd2
Nd7 9. N2f3 Bg6 10. c4 a6 11. Bf4 1/2-1/2

[Event "Open Portugal 2019"]
[Site "Lisboa POR"]
[Date "2019.02.08"]
[Round "8.67"]
[White "Barbier, Wim"]
[Black "Hestvik, Elias"]
[Result "1-0"]
[WhiteElo "2086"]
[BlackElo "1825"]
[WhiteFideId "202100"]
[BlackFideId "1534904"]
[WhiteCountry "BEL"]
[BlackCountry "NOR"]
[PlyCount "53"]
[EventDate "2019.02.02"]

1. Nf3 Nf6 2. c4 c6 3. g3 d5 4. Bg2 Bf5 5. Qb3 Qc7 6. cxd5 cxd5 7. Nc3 e6 8. d3
Nc6 9. Bf4 Qd7 10. O-O Bc5 11. e4 dxe4 12. dxe4 Nxe4 13. Ne5 Nxe5 14. Bxe4 Bxe4
15. Nxe4 Bd4 16. Rad1 f6 17. Be3 Nc6 18. Nc5 Qe7 19. Nxb7 Rb8 20. Bxd4 Nxd4 21.
Qa4+ Kf7 22. Nd6+ Qxd6 23. Rxd4 Qb6 24. Rd7+ Kg8 25. Rfd1 h6 26. Qg4 g5 27. Qh5
1-0

[Event "Open Portugal 2019"]
[Site "Lisboa POR"]
[Date "2019.02.08"]
[Round "8.69"]
[White "Taylor, Robert Graham"]
[Black "Romano, João"]
[Result "0-1"]
[WhiteElo "1809"]
[BlackElo "2052"]
[WhiteFideId "1800841"]
[BlackFideId "1938541"]
[WhiteCountry "WLS"]
[BlackCountry "POR"]
[PlyCount "130"]
[EventDate "2019.02.02"]

1. e4 e5 2. Nc3 Nf6 3. Nf3 Bb4 4. d3 d5 5. exd5 Qxd5 6. Bd2 Bxc3 7. Bxc3 Nc6 8.
Be2 Bf5 9. Qd2 h6 10. O-O O-O-O 11. b4 e4 12. dxe4 Qxe4 13. Bd3 Qg4 14. b5 Bxd3
15. cxd3 Ne7 16. Ne5 Qe6 17. Rfe1 Qd5 18. a4 Rhe8 19. Rac1 Ng6 20. Qc2 Nf4 21.
f3 Re7 22. d4 Qd6 23. Qf5+ Ne6 24. Nxf7 Rxf7 25. Rxe6 Qd7 26. Re5 Nd5 27. Qxd7+
Rfxd7 28. Ba1 b6 29. Rc4 Kb7 30. g3 Ra8 31. Kf2 a6 32. bxa6+ Rxa6 33. Bb2 Rd6
34. Ba3 Rc6 35. Rxc6 Kxc6 36. Bf8 Rxa4 37. Bxg7 b5 38. f4 b4 39. f5 b3 40. f6 b2
41. Re1 Ra1 42. f7 Rxe1 43. f8=Q b1=Q 44. Qc5+ Kb7 45. Qxd5+ c6 46. Qd7+ Kb6 47.
Qd8+ Kb5 48. Qb8+ Kc4 49. Qg8+ Kd3 50. Qh7+ Re4 51. Bxh6 Qc2+ 52. Kg1 Kc3 53.
Bd2+ Kxd2 54. Qh6+ Kd3 55. Qg6 Qb1+ 56. Kg2 Qa2+ 57. Kg1 Qe6 58. Qh7 Kxd4 59.
Qa7+ c5 60. Qa1+ Kc4 61. Qa4+ Kd5 62. Qa8+ Qc6 63. Qg8+ Kd4 64. Qg7+ Ke3 65. Qg6
Qxg6 0-1

[Event "Open Portugal 2019"]
[Site "Lisboa POR"]
[Date "2019.02.08"]
[Round "8.70"]
[White "Soares, Luís"]
[Black "Iasman, Inna"]
[Result "1-0"]
[WhiteElo "2036"]
[BlackElo "1802"]
[WhiteFideId "1904124"]
[BlackFideId "24125563"]
[WhiteCountry "POR"]
[BlackCountry "FRA"]
[PlyCount "91"]
[EventDate "2019.02.02"]

1. d4 d5 2. c4 c6 3. Nc3 Nf6 4. Nf3 dxc4 5. a4 Bf5 6. e3 e6 7. Bxc4 Bb4 8. O-O
Nbd7 9. Qe2 Bg4 10. e4 Nb6 11. Bb3 Bxf3 12. Qxf3 Qxd4 13. Rd1 Qe5 14. Bf4 Qh5
15. Qd3 O-O 16. Ne2 Qg6 17. Bc2 a5 18. Be3 Nbd7 19. Nf4 Qg4 20. f3 Qh4 21. g3
Qg5 22. Nxe6 Qh5 23. Nxf8 Ne5 24. Qe2 Nxf3+ 25. Kh1 Ng4 26. Bg1 Nxg1 27. Rxg1
Rxf8 28. Bd1 f5 29. exf5 Qxf5 30. Qc4+ Kh8 31. Bxg4 Qe5 32. Rgf1 Re8 33. Rf2 b5
34. Qd3 Qc5 35. Raf1 bxa4 36. Re2 Rb8 37. Qd7 Qd5+ 38. Qxd5 cxd5 39. Rd1 g6 40.
Rxd5 Rf8 41. Kg1 Kg7 42. Rd7+ Kh6 43. h4 a3 44. bxa3 Bxa3 45. Rf2 Rh8 46. Bd1
1-0

[Event "Open Portugal 2019"]
[Site "Lisboa POR"]
[Date "2019.02.08"]
[Round "8.71"]
[White "Bub, Volker"]
[Black "Rego, João Rui"]
[Result "1/2-1/2"]
[WhiteElo "2030"]
[BlackElo "1761"]
[WhiteFideId "4618963"]
[BlackFideId "1934465"]
[WhiteCountry "GER"]
[BlackCountry "POR"]
[PlyCount "130"]
[EventDate "2019.02.02"]

1. e4 c5 2. d3 e6 3. g3 Nc6 4. Bg2 g6 5. f4 Bg7 6. Nf3 Nge7 7. O-O O-O 8. c3 d6
9. Be3 Qc7 10. Na3 a6 11. Nc2 b6 12. Bf2 Bb7 13. Re1 Rac8 14. Rc1 Rfe8 15. h4 e5
16. h5 d5 17. hxg6 hxg6 18. f5 dxe4 19. dxe4 Rcd8 20. Qe2 gxf5 21. Ng5 fxe4 22.
Qh5 Ng6 23. Bxe4 Na5 24. Ne3 Bxe4 25. Qh7+ Kf8 26. Nxe4 Ne7 27. g4 Qc6 28. Bh4
Qg6 29. Ng5 Qxh7 30. Nxh7+ Kg8 31. Nf6+ Bxf6 32. Bxf6 Rd3 33. Rcd1 Rxd1 34. Rxd1
Ng6 35. Rd6 Re6 36. Rd8+ Kh7 37. g5 Nc6 38. Rd7 Nce7 39. a4 e4 40. Ra7 b5 41.
axb5 axb5 42. Rb7 b4 43. cxb4 cxb4 44. Rxb4 Nc6 45. Rb7 Nce5 46. b4 Rd6 47. Kf1
Rd2 48. Bxe5 Nxe5 49. Re7 Nf3 50. Ng4 Nh2+ 51. Nxh2 Rxh2 52. Rxf7+ Kg6 53. Rf4
Kxg5 54. Rxe4 Rb2 55. Ke1 Kf5 56. Rh4 Ke5 57. Kd1 Kd6 58. Kc1 Rg2 59. Rc4 Kd7
60. Rc2 Rg4 61. Rb2 Kc6 62. Kc2 Kb5 63. Kc3 Rc4+ 64. Kd3 Rxb4 65. Rxb4+ Kxb4
1/2-1/2

[Event "Open Portugal 2019"]
[Site "Lisboa POR"]
[Date "2019.02.08"]
[Round "8.72"]
[White "Cordeiro, João"]
[Black "Sismeiro, Miguel"]
[Result "1/2-1/2"]
[WhiteElo "1745"]
[BlackElo "1997"]
[WhiteFideId "1935291"]
[BlackFideId "1950975"]
[WhiteCountry "POR"]
[BlackCountry "POR"]
[PlyCount "75"]
[EventDate "2019.02.02"]

1. e4 e5 2. Nf3 Nc6 3. Bb5 a6 4. Ba4 Nf6 5. O-O Be7 6. Re1 b5 7. Bb3 O-O 8. c3
d6 9. d3 Na5 10. Bc2 c5 11. Nbd2 Re8 12. Nf1 h6 13. a4 Bb7 14. Ng3 Bf8 15. d4
cxd4 16. cxd4 g6 17. dxe5 dxe5 18. Qxd8 Rexd8 19. Nxe5 Rac8 20. Bd1 Bb4 21. Rf1
Nxe4 22. Nxe4 Bxe4 23. Be3 Nc4 24. Nxc4 bxc4 25. Be2 Kg7 26. Rfd1 Bd3 27. Kf1 a5
28. Rac1 Bxe2+ 29. Kxe2 Rxd1 30. Kxd1 Rd8+ 31. Ke2 Rc8 32. Bd4+ f6 33. Be3 Kf7
34. h4 h5 35. Bd2 Re8+ 36. Be3 Rc8 37. Bd2 Re8+ 38. Be3 1/2-1/2

[Event "Open Portugal 2019"]
[Site "Lisboa POR"]
[Date "2019.02.08"]
[Round "8.73"]
[White "Martins, José Carlos"]
[Black "Storme, Isak"]
[Result "0-1"]
[WhiteElo "1707"]
[BlackElo "2290"]
[WhiteFideId "1946005"]
[BlackFideId "1728113"]
[BlackTitle "FM"]
[WhiteCountry "POR"]
[BlackCountry "SWE"]
[PlyCount "64"]
[EventDate "2019.02.02"]

1. e4 c5 2. Nf3 d6 3. d4 cxd4 4. Nxd4 Nf6 5. Nc3 e5 6. Nb3 Be7 7. Be3 O-O 8. Be2
Be6 9. O-O Nbd7 10. f3 Nb6 11. Qd2 d5 12. exd5 Nfxd5 13. Nxd5 Nxd5 14. Bf2 Bg5
15. Qd1 Ne3 16. Qxd8 Rfxd8 17. Bxe3 Bxe3+ 18. Kh1 a5 19. Bd3 a4 20. Nc1 Bd4 21.
Rb1 b5 22. b3 b4 23. Ne2 Bc5 24. Rfd1 f5 25. c3 axb3 26. axb3 Bxb3 27. Rxb3 Rxd3
28. Rdb1 Ra2 29. Ng3 bxc3 30. Rb8+ Bf8 31. Nxf5 c2 32. Ne7+ Kf7 0-1

[Event "Open Portugal 2019"]
[Site "Lisboa POR"]
[Date "2019.02.08"]
[Round "8.74"]
[White "Marques, Pedro Godinho"]
[Black "Kubicka, Anna"]
[Result "0-1"]
[WhiteElo "1848"]
[BlackElo "2186"]
[WhiteFideId "1928414"]
[BlackFideId "1152254"]
[BlackTitle "WIM"]
[WhiteCountry "POR"]
[BlackCountry "POL"]
[PlyCount "66"]
[EventDate "2019.02.02"]

1. d4 c5 2. e4 cxd4 3. c3 d3 4. Bxd3 d6 5. Ne2 Nf6 6. O-O e5 7. Bg5 Be7 8. Nd2
O-O 9. Nc4 Be6 10. Ne3 Nbd7 11. Ng3 h6 12. Bxf6 Nxf6 13. Ngf5 a6 14. Qf3 Kh8 15.
Rad1 Rg8 16. Bc4 Bf8 17. Bxe6 fxe6 18. Nxd6 Bxd6 19. Nc4 Ne8 20. Rxd6 Nxd6 21.
Rd1 Nxc4 22. Rxd8 Raxd8 23. h3 Nxb2 24. Qf7 Rd1+ 25. Kh2 Rd2 26. Qxb7 Rxf2 27.
Qxa6 Rd8 28. Qxe6 Rdd2 29. Kg3 Rxg2+ 30. Kh4 Rdf2 31. Qxe5 Nd3 32. Qb8+ Kh7 33.
e5 Rf4+ 0-1

[Event "Open Portugal 2019"]
[Site "Lisboa POR"]
[Date "2019.02.08"]
[Round "8.75"]
[White "Ferreira, Hugo"]
[Black "Gonçalves, Gabriel"]
[Result "1-0"]
[WhiteElo "2136"]
[BlackElo "1845"]
[WhiteFideId "1915940"]
[BlackFideId "1945610"]
[WhiteCountry "POR"]
[BlackCountry "POR"]
[PlyCount "55"]
[EventDate "2019.02.02"]

1. d4 f5 2. Bg5 Nf6 3. Bxf6 exf6 4. c4 Bb4+ 5. Nc3 Bxc3+ 6. bxc3 d5 7. e3 Be6 8.
cxd5 Qxd5 9. Ne2 Qa5 10. Qd2 Nd7 11. Nf4 Bf7 12. Bd3 Nb6 13. O-O g5 14. Ne2
O-O-O 15. Qc2 f4 16. exf4 gxf4 17. Nxf4 Qg5 18. g3 Rdg8 19. Ng2 h5 20. h4 Qa5
21. c4 Kb8 22. Rfb1 Rg4 23. Qb2 c5 24. d5 Rd4 25. Bf1 Rg8 26. Ne3 Rd2 27. Qxf6
Bg6 28. Qe6 1-0

[Event "Open Portugal 2019"]
[Site "Lisboa POR"]
[Date "2019.02.08"]
[Round "8.76"]
[White "Gomes, José Luis"]
[Black "Pires, Emanuel"]
[Result "0-1"]
[WhiteElo "1844"]
[BlackElo "2115"]
[WhiteFideId "1901710"]
[BlackFideId "1914715"]
[WhiteCountry "POR"]
[BlackCountry "POR"]
[PlyCount "50"]
[EventDate "2019.02.02"]

1. e4 e6 2. d4 d5 3. Nd2 Nf6 4. e5 Nfd7 5. Ngf3 c5 6. c3 Nc6 7. Nb3 Be7 8. Be2
O-O 9. O-O c4 10. Nbd2 b5 11. Re1 a5 12. Nf1 b4 13. Bd2 a4 14. cxb4 Nxb4 15. a3
Nc6 16. Qc2 f6 17. Bc3 fxe5 18. Nxe5 Ndxe5 19. dxe5 d4 20. Rad1 Qb6 21. Bxd4
Nxd4 22. Qxc4 Nxe2+ 23. Qxe2 Ba6 24. Qc2 Rac8 25. Qd2 Rf5 0-1